Extending basic learning opportunities : (Record no. 110278)
[ view plain ]
| 000 -CABECERA | |
|---|---|
| campo de control de longitud fija | 00963nam a2200241 a 4500 |
| 005 - FECHA Y HORA DE LA ÚLTIMA TRANSACCIÓN | |
| campo de control | 20210223125624.0 |
| 008 - ELEMENTOS DE LONGITUD FIJA--INFORMACIÓN GENERAL | |
| campo de control de longitud fija | 050418s1982 fr r 000 0 eng d |
| 035 ## - NÚMERO DE CONTROL DEL SISTEMA | |
| Número de control de sistema | UPN01000138130 |
| 049 ## - COLECCIÓN | |
| Colección | UNE |
| 050 #4 - SIGNATURA TOPOGRÁFICA DE LA BIBLIOTECA DEL CONGRESO | |
| Número de clasificación | LC5163 P3.5 |
| Número de documento/Ítem | P7.3 |
| 100 1# - ASIENTO PRINCIPAL--NOMBRE PERSONAL | |
| Nombre de persona | Prakasha, Veda |
| 9 (RLIN) | 29876 |
| 245 10 - MENCIÓN DE TÍTULO | |
| Título | Extending basic learning opportunities : |
| Resto del título | challenge and response / |
| Mención de responsabilidad, etc. | Veda Prakasha, Ananda W. P. Gurugé and Amewuskika K. B. Tay. |
| 260 ## - PUBLICACIÓN, DISTRIBUCIÓN, ETC. | |
| Lugar de publicación, distribución, etc. | Paris : |
| Nombre del editor, distribuidor, etc. | UNESCO : |
| -- | UNICEF, |
| Fecha de publicación, distribución, etc. | 1982. |
| 300 ## - DESCRIPCIÓN FÍSICA | |
| Extensión | 142 p. : |
| Otras características físicas | il. |
| 440 #0 - MENCIÓN DE SERIE/ASIENTO SECUNDARIO--TÍTULO | |
| Título | Child, family, community ; |
| Designación de volumen o secuencia | 16 |
| 500 ## - NOTA GENERAL | |
| Nota general | También encuentras un ejemplar en Colección General |
| 650 #4 - ASIENTO SECUNDARIO DE MATERIA - TERMINO TEMATICO | |
| Término de materia o nombre geográfico como elemento de entrada | EDUCACION FUNDAMENTAL - |
| Subdivisión geográfica | PAISES EN DESARROLLO |
| 9 (RLIN) | 13330 |
| 650 #4 - ASIENTO SECUNDARIO DE MATERIA - TERMINO TEMATICO | |
| Término de materia o nombre geográfico como elemento de entrada | IGUALDAD DE OPORTUNIDADES EN EDUCACION - |
| Subdivisión geográfica | PAISES EN DESARROLLO |
| 9 (RLIN) | 13332 |
| 650 #4 - ASIENTO SECUNDARIO DE MATERIA - TERMINO TEMATICO | |
| Término de materia o nombre geográfico como elemento de entrada | COMUNIDAD Y ESCUELA - |
| Subdivisión geográfica | PAISES EN DESARROLLO |
| 9 (RLIN) | 13331 |
| 700 1# - ASIENTO SECUNDARIO--NOMBRE DE PERSONAL | |
| Nombre de persona | Gurugé, Ananda W. P., |
| Fechas asociadas al nombre | 1928- |
| Término indicativo de función/relación | coaut. |
| 9 (RLIN) | 35700 |
| 700 1# - ASIENTO SECUNDARIO--NOMBRE DE PERSONAL | |
| Nombre de persona | Tay, Amewusika K. B., |
| Término indicativo de función/relación | coaut. |
| 9 (RLIN) | 35699 |
| 905 ## - TIPO DE MATERIAL | |
| Tipo de material | Libro |
| Estado de retiro | Estado de pérdida | Fuente del sistema de clasificación o colocación | Estado dañado | No para préstamo | Código de colección | Localización permanente | Ubicación/localización actual | Ubicación en estantería | Total de préstamos | Clasificación | Código de barras | Fecha visto por última vez | Número de copia | Tipo de ítem Koha | Fecha de adquisición | Enumeración/cronología de publicación seriada |
|---|---|---|---|---|---|---|---|---|---|---|---|---|---|---|---|---|
| Library of Congress Classification | Colección General | Bib. Gregorio Torres Quintero | Bib. Gregorio Torres Quintero | Planta baja | LC5163 P3.5 P7.3 | 130315 | 31/12/2020 | 1 | Libro | |||||||
| Library of Congress Classification | Disponible (Préstamo en sala) | UNESCO | Bib. Gregorio Torres Quintero | Bib. Gregorio Torres Quintero | Colecciones especiales Planta alta | LC5163 P3.5 P7.3 | U7477 | 31/12/2020 | 1 | Libro | 03/02/2023 | Donación UNESCO |
